000 00676nam a2200289Ia 4500
005 20260324133718.0
008 008 260324s9999 xx 000 0 eng d
020 _a9780203495063
037 _aEBOOK
040 _aCRL
040 _beng
040 _cCRL
041 _2eng
041 _aeng
084 _qCRL
100 _aDr Neven Andjelic; Neven Andjelic
_91194103
245 0 _aBosnia-Herzegovina
245 4 _bThe End of a Legacy
260 _bTaylor and Francis
260 _c2003
365 _a
365 _b250
856 _uhttp://www.taylorfrancis.com/books/9780203495063
942 _cEBOOK
999 _c1793445
_d1793445